| 000 | 01166cam a2200349Ia 4500 | ||
|---|---|---|---|
| 001 | tec011941510 | ||
| 003 | MX-MoT | ||
| 008 | 81110s2006 mx b 000 0 spa d | ||
| 020 | _a842342393X | ||
| 020 | _a8423423905 | ||
| 040 |
_aI8M _bspa _cI8M |
||
| 041 | 1 |
_aspa _heng |
|
| 050 | 4 |
_aHD4904.7 _b.D3818 2006 |
|
| 082 | _a658.3 D247c 2006 | ||
| 100 | 1 |
_aDavenport, Thomas O., _d1952- _932964 |
|
| 240 | 0 | 0 |
_aHuman capital. _lEspañol. |
| 245 | 1 | 0 |
_aCapital humano : _bcreando ventajas competitivas a través de las personas / _cThomas O. Davenport ; [traducción Guillermo Solana]. |
| 260 | _aBarcelona : | ||
| 260 |
_bDeusto, _cc2006. |
||
| 300 |
_a264 p. ; _c24 cm. |
||
| 490 | 0 | _aLíderes del management. Recursos humanos. | |
| 500 | _aTraducido de: Human capital. What it is and why people invest it. | ||
| 504 | _aIncluye referencias bibliográficas (p. [253]-264). | ||
| 650 | 0 |
_aHuman capital. _932965 |
|
| 650 | 0 |
_aPersonnel management. _922583 |
|
| 650 | 4 |
_aCapital humano. _9576 |
|
| 650 | 4 |
_aAdministración de personal. _9183 |
|
| 700 | 1 |
_aSolana, Guillermo, _etr. _932966 |
|
| 907 | _b11941510 | ||
| 942 |
_2ddc _cLIBRO |
||
| 980 | _aOCLC | ||
| 999 |
_c18195 _d18195 |
||